[Event "IND-ch U10 Girls"]
[Site "Jammu"]
[Date "2022.04.30"]
[Round "9"]
[White "Krupha, S Ukkali"]
[Black "Tanusri, S."]
[Result "1/2-1/2"]
[WhiteElo "1223"]
[BlackElo "1111"]
[PlyCount "100"]
[EventDate "2022.04.26"]
[EventType "swiss"]
[EventRounds "11"]
[EventCountry "IND"]
[SourceTitle "EXT 2023"]
[Source "ChessBase"]
[SourceDate "2022.10.05"]
[SourceVersion "1"]
[SourceVersionDate "2022.10.05"]
[SourceQuality "1"]

1. e4 c5 2. Nf3 Nc6 3. d4 cxd4 4. Nxd4 Nf6 5. Nc3 d6 6. f3 e6 7. Be3 Be7 8. Qd2 a6 9. 0-0-0 0-0 10. g4 Qc7 11. h4 b5 12. Bg2 Bb7 13. h5 Ne5 14. b3 d5 15. g5 Nfd7 16. f4 Bb4 17. Nde2 Ng4 18. exd5 exd5 19. Bd4 a5 20. Qd3 Bxc3 21. Qxc3 Qd6 22. Bf3 f5 23. Bxg4 fxg4 24. Rhg1 Rfe8 25. Rde1 b4 26. Qd2 a4 27. Ng3 axb3 28. Rxe8+ Rxe8 29. cxb3 Ba6 30. Kb1 Nf8 31. Bxg7 Ne6 32. Be5 Qb6 33. Rd1 Bb7 34. Nf5 Nxg5 35. fxg5 Rxe5 36. Qf4 Qe6 37. Nh6+ Kg7 38. Nxg4 Qf5+ 39. Qxf5 Rxf5 40. Rd4 Rxg5 41. Rxb4 Bc8 42. h6+ Kg6 43. Rb6+ Kh5 44. Nf6+ Kxh6 45. Nxd5+ Kg7 46. Ne3 h5 47. Rc6 Bg4 48. a4 Bf3 49. Rc4 Re5 50. Rc3 Re6 1/2-1/2

[Event "IND-ch U10 Girls"]
[Site "Jammu"]
[Date "2022.04.29"]
[Round "7"]
[White "Tanusri, S."]
[Black "Banker, Reya"]
[Result "1-0"]
[WhiteElo "1111"]
[BlackElo "1204"]
[PlyCount "65"]
[EventDate "2022.04.26"]
[EventType "swiss"]
[EventRounds "11"]
[EventCountry "IND"]
[SourceTitle "EXT 2023"]
[Source "ChessBase"]
[SourceDate "2022.10.05"]
[SourceVersion "1"]
[SourceVersionDate "2022.10.05"]
[SourceQuality "1"]

1. e4 c5 2. Nf3 d6 3. d4 cxd4 4. Nxd4 Nf6 5. Nc3 Nc6 6. Be2 e5 7. Ndb5 a6 8. Na3 Be7 9. 0-0 0-0 10. Be3 Be6 11. Nc4 b5 12. Nb6 Rb8 13. Nbd5 Qd7 14. f4 Bxd5 15. exd5 Nd8 16. fxe5 dxe5 17. a3 Nb7 18. Qe1 Qc7 19. Qg3 Rfd8 20. Rad1 Kh8 21. Kh1 Rbc8 22. Qh3 Qd7 23. Qg3 Qc7 24. Bd3 Bd6 25. Qh4 Kg8 26. Bg5 Be7 27. Bxf6 Bxf6 28. Bxh7+ Kf8 29. Qg4 Qc4 30. Ne4 Be7 31. Qf5 f6 32. Qe6 Nd6 33. Qg8# 1-0

[Event "IND-ch U10 Girls"]
[Site "Jammu"]
[Date "2022.04.29"]
[Round "8"]
[White "Tanusri, S."]
[Black "Hanya, Shah"]
[Result "1-0"]
[WhiteElo "1111"]
[BlackElo "1149"]
[PlyCount "107"]
[EventDate "2022.04.26"]
[EventType "swiss"]
[EventRounds "11"]
[EventCountry "IND"]
[SourceTitle "EXT 2023"]
[Source "ChessBase"]
[SourceDate "2022.10.05"]
[SourceVersion "1"]
[SourceVersionDate "2022.10.05"]
[SourceQuality "1"]

1. e4 d5 2. exd5 Nf6 3. d4 Nxd5 4. c4 Nb6 5. Nc3 g6 6. Be3 Bg7 7. Be2 0-0 8. Nf3 Nc6 9. h3 e5 10. d5 Ne7 11. 0-0 h6 12. Qb3 f5 13. Rfd1 Kh7 14. Bc5 Nd7 15. Ba3 Rg8 16. c5 b6 17. c6 Nc5 18. Bxc5 bxc5 19. Qc4 Rb8 20. Rab1 e4 21. Ne1 Bxc3 22. Qxc3 Qd6 23. Bc4 f4 24. Rbc1 f3 25. gxf3 exf3 26. Qxf3 Rxb2 27. Bb3 Ba6 28. Qf7+ Rg7 29. Qe6 Qf4 30. Rc2 Rxc2 31. Bxc2 Bc8 32. Qe3 Qf6 33. Ng2 Rf7 34. Bb3 Rf8 35. Re1 Ng8 36. Qg3 Qf7 37. Re4 Nf6 38. Re5 Ba6 39. d6 c4 40. Re7 cxb3 41. Rxf7+ Rxf7 42. Qxb3 Kg7 43. d7 Nxd7 44. cxd7 Rxd7 45. Nf4 Rd6 46. Ne6+ Kf6 47. Nxc7 Rb6 48. Qf3+ Kg7 49. Nxa6 Rxa6 50. Qb7+ Kf6 51. Qxa6+ Kg5 52. h4+ Kxh4 53. Qxg6 h5 54. Qg3# 1-0